| 000 | 00459cam a22001571 4500 | ||
|---|---|---|---|
| 082 |
_a621.811 _bHIN _cL-13, P-66 |
||
| 100 | 1 |
_aHinkle, Rolland Theodore, _942013 |
|
| 245 | 1 | 0 | _aKinematics of machines. |
| 250 | _a2d ed. | ||
| 260 |
_aEnglewood Cliffs, N.J., _bPrentice-Hall, _c1960. |
||
| 300 |
_a353 p. _billus. _c24 cm. |
||
| 526 |
_a0 _b0 _c0 _d621_811000000000000_HIN |
||
| 650 | 0 |
_aMachinery, Kinematics of. _940636 |
|
| 650 | 0 |
_aMCE _9379 |
|
| 942 |
_2ddc _cBK |
||
| 999 |
_c546018 _d546018 |
||